[Event "Elancourt op"]
[Site "Elancourt"]
[Date "2010.05.02"]
[Round "9"]
[White "Marquet, Didier"]
[Black "Cozic, Michel"]
[Result "0-1"]
[WhiteElo "1481"]
[BlackElo "1490"]
[PlyCount "76"]
[EventDate "2010.04.25"]
[EventType "swiss"]
[EventRounds "9"]
[EventCountry "FRA"]
[SourceTitle "CBM 136 Extra"]
[Source "ChessBase"]
[SourceDate "2010.07.02"]
[SourceVersion "2"]
[SourceVersionDate "2010.07.15"]
[SourceQuality "1"]

1. e4 e5 2. Nf3 Nc6 3. Bb5 d6 4. 0-0 Bg4 5. c3 a6 6. Ba4 Nf6 7. Re1 b5 8. Bc2 Be7 9. d3 0-0 10. Nbd2 b4 11. Ba4 Bd7 12. Nf1 bxc3 13. bxc3 Na5 14. Rb1 Bg4 15. Ne3 Bh5 16. Nf5 Nd7 17. Be3 Rb8 18. Rxb8 Nxb8 19. Nxe7+ Qxe7 20. Bc2 f5 21. Bg5 Qe6 22. Bb3 Nxb3 23. Qxb3 Qxb3 24. axb3 Bxf3 25. gxf3 f4 26. d4 h6 27. Bh4 g5 28. Bxg5 hxg5 29. Kh1 Nc6 30. Rg1 exd4 31. Rxg5+ Kh7 32. cxd4 Nxd4 33. Kg2 Rg8 34. Rg4 Nxb3 35. Kf1 Rxg4 36. fxg4 a5 37. Ke1 a4 38. Kd1 a3 0-1

[Event "Elancourt op"]
[Site "Elancourt"]
[Date "2010.04.27"]
[Round "3"]
[White "Cozic, Michel"]
[Black "Plantet, Marc"]
[Result "0-1"]
[WhiteElo "1490"]
[BlackElo "1919"]
[PlyCount "90"]
[EventDate "2010.04.25"]
[EventType "swiss"]
[EventRounds "9"]
[EventCountry "FRA"]
[SourceTitle "CBM 136 Extra"]
[Source "ChessBase"]
[SourceDate "2010.07.02"]
[SourceVersion "2"]
[SourceVersionDate "2010.07.15"]
[SourceQuality "1"]

1. d4 d5 2. Nc3 e5 3. dxe5 d4 4. Ne4 Bf5 5. Ng3 Bg6 6. Nf3 c5 7. e3 Nc6 8. Bc4 b5 9. Be2 Nb4 10. Bxb5+ Ke7 11. Ba4 Qa5 12. c3 Nd3+ 13. Ke2 Qa6 14. Kd2 Nxf2 15. Qe2 dxc3+ 16. Ke1 Nd3+ 17. Kf1 Qxa4 18. e4 cxb2 19. Bxb2 Rd8 20. Nf5+ Ke8 21. Nd6+ Bxd6 22. exd6 Nf4 23. Qd2 Qa6+ 24. Kf2 Nd3+ 25. Ke3 Nxb2 26. Qxb2 Nf6 27. e5 Ng4+ 28. Kf4 h5 29. Rhe1 Qc4+ 30. Kg3 Qe6 31. Qb5+ Qd7 32. Qxc5 Rc8 33. Qd4 Nh6 34. Kf2 Nf5 35. Qd1 Kf8 36. Re2 f6 37. Rd2 Bf7 38. Kg1 Be6 39. Qe1 Kf7 40. Rad1 h4 41. Qf2 Rc3 42. Rf1 Qb7 43. Nd4 Nxd4 44. exf6 Nf5 45. g4 hxg3 0-1

[Event "Elancourt op"]
[Site "Elancourt"]
[Date "2010.04.27"]
[Round "4"]
[White "Delpech, Olivier"]
[Black "Cozic, Michel"]
[Result "1-0"]
[WhiteElo "1779"]
[BlackElo "1490"]
[PlyCount "55"]
[EventDate "2010.04.25"]
[EventType "swiss"]
[EventRounds "9"]
[EventCountry "FRA"]
[SourceTitle "CBM 136 Extra"]
[Source "ChessBase"]
[SourceDate "2010.07.02"]
[SourceVersion "2"]
[SourceVersionDate "2010.07.15"]
[SourceQuality "1"]

1. c4 c5 2. g3 g6 3. Bg2 Bg7 4. e3 e6 5. Nc3 Nc6 6. Nge2 Nge7 7. d4 cxd4 8. exd4 d5 9. b3 dxc4 10. bxc4 Nxd4 11. Rb1 Ndc6 12. Qa4 0-0 13. 0-0 Bxc3 14. Nxc3 Qa5 15. Qc2 Qa6 16. Nb5 Rb8 17. Be3 e5 18. Bc5 b6 19. Bd6 Bf5 20. Be4 Rbc8 21. Bxf5 gxf5 22. Qd2 Rfe8 23. Nc7 Qa5 24. Qg5+ Ng6 25. Nxe8 Rxe8 26. h4 Kh8 27. h5 Nge7 28. Qf6+ 1-0

[Event "Elancourt op"]
[Site "Elancourt"]
[Date "2010.04.26"]
[Round "2"]
[White "Audigier, Robert"]
[Black "Cozic, Michel"]
[Result "0-1"]
[WhiteElo "1330"]
[BlackElo "1490"]
[PlyCount "64"]
[EventDate "2010.04.25"]
[EventType "swiss"]
[EventRounds "9"]
[EventCountry "FRA"]
[SourceTitle "CBM 136 Extra"]
[Source "ChessBase"]
[SourceDate "2010.07.02"]
[SourceVersion "2"]
[SourceVersionDate "2010.07.15"]
[SourceQuality "1"]

1. d4 d5 2. c4 e6 3. cxd5 exd5 4. Nc3 Nf6 5. e3 Bb4 6. Bd3 0-0 7. Nge2 Bg4 8. 0-0 Nbd7 9. Qc2 c5 10. Nf4 Bxc3 11. bxc3 Rc8 12. c4 Nb6 13. Rb1 dxc4 14. Bf5 Bxf5 15. Qxf5 cxd4 16. Rd1 d3 17. Ba3 Re8 18. Bc5 Ne4 19. Bd4 d2 20. Qg4 g6 21. Nh5 c3 22. f3 c2 23. Ra1 cxd1R+ 24. Rxd1 Rc1 25. fxe4 Rxd1+ 26. Kf2 Rc1 27. Nf6+ Kf8 28. Nxh7+ Kg8 29. Nf6+ Qxf6+ 30. Bxf6 d1Q 31. Qh3 Qf1+ 32. Kg3 Qxf6 0-1